| 000 | 00000nam##2200000za#4500 |
| 001 | 9.615643 |
| 003 | CaOODSP |
| 005 | 20210615101224 |
| 007 | ta |
| 008 | 150406|1999||||xxc||||| f|0| 0 eng|d |
| 040 | |aCaOODSP|beng |
| 043 | |an-cn--- |
| 086 | 1 |aNH18-24/11E |
| 110 | 2 |aCanada Mortgage and Housing Corporation. |
| 245 | 10|aWhen you must leave your house because of a long winter power outage |
| 260 | |aOttawa - Ontario : |bCanada Mortgage and Housing Corporation |c1999. |
| 300 | |a2p. ; |c28 cm. |
| 490 | 1 |aAbout your house |vCE11 |
| 520 | 3 |aIf you must leave your home for more than 24 hours because of power failure, here are some simple things to do to prevent house damage. |
| 563 | |aPamphlet |
| 590 | |a02-04|b2002-01-25 |
| 690 | 07|aEmergency preparedness|2gcpds |
| 690 | 07|aHeating|2gcpds |
| 690 | 07|aHousing|2gcpds |
| 775 | 08|tQuand vous devez quitter votre maison à cause d'une longue interruption de courant en hiver |w(CaOODSP)9.625830 |
| 776 | 0#|tWhen you must leave your house because of a long winter power outage |w(CaOODSP)9.571782 |
| 830 | #0|aAbout your house ;|vCE11|w(CaOODSP)9.514828 |